[Event "TUR-UKR Friendly Team Match"]
[Site "Online"]
[Date "2021.01.17"]
[Round "2.1"]
[White "Pliukha, Myhajlo"]
[Black "Tarlabasi, Emirhan"]
[Result "1-0"]
[WhiteElo "2206"]
[BlackElo "2301"]
[Annotator "TA"]
[PlyCount "63"]
[EventDate "2021.01.17"]
[EventType "team-tourn"]
[EventCountry "NET"]
[SourceTitle "playchess.com"]
[Source "ChessBase"]
[SourceQuality "1"]
[WhiteTeam "Ukraine"]
[BlackTeam "Turkey"]
[WhiteTeamCountry "UKR"]
[BlackTeamCountry "TUR"]

{[%evp 11,63,5,3,-3,0,2,0,0,10,10,2,0,74,21,7,6,116,124,130,129,210,204,338,333,311,310,849,852,839,841,844,844,828,825,819,797,840,826,831,821,775,761,1114,1112,1106,1093,1137,1122,1149,1216,1331,1290,1425,1387]} 1. e4 e6 2. d4 d5 3. Nd2 a6 4. Ngf3 c5 5. exd5 exd5 6. c3 Nc6 {The main line 6...Nc6 scores better than 6...Nf6.} 7. Bd3 {C07: French Tarrasch: 3...c5, 4 Ngf3 and 4 exd5 Qxd5.} cxd4 8. Nxd4 Nxd4 9. cxd4 {The position is equal.} Bd6 10. O-O Ne7 11. Qh5 {[#]} Be6 $146 (11... g6 $11 12. Qh6 Bf5) ({Predecessor:} 11... Ng6 12. Re1+ Kf8 13. Bxg6 fxg6 14. Qf3+ Bf5 15. Nf1 h5 16. Bf4 Bxf4 17. Qxf4 Qf6 {1-0 (36) Aigner,G (1855)-Schmidt,W (1606) Schloss Schney 2005}) 12. Nf3 (12. Re1 $16 {aiming for Rxe6.} g6 13. Qh6) 12... g6 $11 13. Qh6 {next Bg5 is good for White.} Qd7 {[#]} (13... Bf5 $11 14. Bb1 Bxb1 15. Rxb1 Nf5 16. Re1+ Be7) 14. Bg5 $1 $16 {Black is on the road to losing.} O-O-O 15. Bf6 Rhg8 (15... Rhe8 $16) 16. Ne5 $18 ({But not} 16. Qxh7 $6 Kb8 $16) 16... Bxe5 (16... Qe8 $142 17. Qxh7 Kb8) 17. Bxe5 (17. dxe5 Kb8 $16) 17... Nc6 18. Rfc1 {Threatens to win with Rxc6+!} ({Weaker is} 18. Qxh7 Nxe5 19. dxe5 Qa4 $14) 18... Bf5 $2 {[#]} (18... Rde8 19. Bxa6 (19. Qxh7 f6 $16) 19... bxa6) 19. Rxc6+ $1 {[%mdl 576] Deflection. White is clearly winning.} Qxc6 20. Bxf5+ gxf5 21. Rc1 {[%mdl 64] Pin} Rg6 22. Rxc6+ Rxc6 23. Qf4 Rd7 24. h4 f6 25. Bb8 Rd8 26. Ba7 b6 27. Qb8+ {[%mdl 64] Double Attack} Kd7 28. Qb7+ {[%mdl 64] Double Attack} Rc7 29. Qxb6 Re8 30. Qxa6 Re1+ 31. Kh2 Rcc1 32. Qxf6 {Weighted Error Value: White=0.09/Black=0.46} 1-0

[Event "TUR-UKR Friendly Team Match"]
[Site "Online"]
[Date "2021.01.17"]
[Round "2.1"]
[White "Shpanko, Nadiia"]
[Black "Ozbay, Ece"]
[Result "1-0"]
[WhiteElo "2203"]
[BlackElo "2027"]
[Annotator "TA"]
[PlyCount "55"]
[EventDate "2021.01.17"]
[EventType "team-tourn"]
[EventCountry "NET"]
[SourceTitle "playchess.com"]
[Source "ChessBase"]
[SourceQuality "1"]
[WhiteTeam "Ukraine"]
[BlackTeam "Turkey"]
[WhiteTeamCountry "UKR"]
[BlackTeamCountry "TUR"]

{[%evp 12,55,0,7,33,25,30,0,0,-50,-44,-38,-54,-143,-140,-148,-135,-150,-150,-145,-139,-154,-40,-58,-61,-56,-56,-59,-50,-54,-49,-48,-43,-83,116,117,134,137,109,112,118,84,333,359,1062,1039]} 1. e4 c5 2. c3 d5 3. exd5 Qxd5 4. d4 Nf6 5. Nf3 Nc6 6. dxc5 Qxd1+ 7. Kxd1 a5 {[#] B22: Sicilian: 2 c3.} 8. Na3 $146 ({Predecessor:} 8. Bb5 e6 9. Nd4 Bd7 10. Bxc6 bxc6 11. b4 Nd5 12. Bd2 Be7 13. a3 axb4 14. c4 Nc3+ 15. Nxc3 bxc3 16. Bxc3 Bxc5 {½-½ (46) Wehner,R (1975)-Tschernatsch,J (1836) Playchess.com INT 2020}) 8... Bg4 9. Nb5 {Strongly threatening Nc7+.} O-O-O+ {[%cal Ba8d8,Bd8d1,Bd1h1][%mdl 32] The position is equal.} 10. Kc2 Bf5+ 11. Kb3 Rd1 12. Nfd4 {[#]} (12. Nbd4 $15 Nxd4+ 13. cxd4) 12... Bd3 $1 $17 13. Bxd3 Rxh1 14. Nxc6 bxc6 15. Nd4 Kb7 {Hoping for ...e5.} 16. Kc4 Nd7 (16... e5 $17 17. Nb3 a4 18. Na5+ Kc7) 17. Nxc6 $1 $15 Kxc6 18. Be4+ Kc7 {And now ...e5 would win.} 19. Bf4+ {[%mdl 64] [#] Discovered Attack} e5 20. Rxh1 {Black must now prevent Be3.} exf4 21. b4 Be7 {...Rb8 is the strong threat.} 22. Re1 Re8 $2 (22... Ne5+ $17 23. Kb3 f6) 23. Bd5 $16 Kd8 24. Bxf7 Rf8 25. Be6 {[%mdl 1024] Threatens to win with Rd1. White has strong compensation.} Kc7 26. f3 Ra8 $2 (26... Bh4 $16 27. Re4 Nf6) 27. Bd5 $18 {[%mdl 64] Discovered Attack} Bf8 $2 (27... Bh4 28. g3 fxg3) 28. Bxa8 {Never resign too early! Accuracy: White = 69%, Black = 49%.} 1-0

[Event "TUR-UKR Friendly Team Match"]
[Site "Online"]
[Date "2021.01.17"]
[Round "2.1"]
[White "Malynovskyi, Rostyslav"]
[Black "Alumert, Orkun Efe"]
[Result "1-0"]
[WhiteElo "2174"]
[BlackElo "2301"]
[Annotator "TA"]
[PlyCount "103"]
[EventDate "2021.01.17"]
[EventType "team-tourn"]
[EventCountry "NET"]
[SourceTitle "playchess.com"]
[Source "ChessBase"]
[SourceQuality "1"]
[WhiteTeam "Ukraine"]
[BlackTeam "Turkey"]
[WhiteTeamCountry "UKR"]
[BlackTeamCountry "TUR"]

{[%evp 15,103,13,22,2,30,20,20,17,31,40,27,0,22,0,0,-33,-28,-44,-36,-27,-25,-44,97,96,95,95,105,101,259,256,281,294,312,306,291,297,275,59,56,10,50,48,62,41,55,19,27,5,3,0,0,0,0,0,0,0,0,0,0,0,0,0,0,0,0,0,0,0,0,0,0,0,0,0,0,0,29971,29972,29971,29973,29974,0,29976,29977,29978,29978,29981,29982,29983,29984]} 1. d4 Nf6 2. c4 g6 3. Nc3 d5 4. cxd5 Nxd5 5. e4 Nxc3 6. bxc3 Bg7 7. Nf3 c5 8. Be3 Qa5 9. Nd2 {D85: Exchange Grünfeld: Unusual White 7th moves and lines with 7 Nf3.} cxd4 10. Nc4 Qd8 ({Wrong is} 10... Qxc3+ $2 11. Bd2 $18) 11. cxd4 {The position is equal.} O-O 12. Rc1 f5 13. exf5 gxf5 {[#]} 14. f4 $146 ({Predecessor:} 14. g3 Nc6 15. d5 Nb4 16. Bg2 b5 17. Qb3 bxc4 18. Qxb4 Ba6 19. O-O Rb8 20. Qa4 {1-0 (42) Tsvetkov,A (2264)-Zontakh,A (2507) St Petersburg 2018}) 14... Be6 15. Qd2 Nc6 {[%cal Rg7d4]} 16. Ne5 Bxe5 17. fxe5 f4 18. Bf2 Qa5 (18... Qd7 $15 {stays ahead.}) 19. Qxa5 $16 Nxa5 20. d5 $1 {[%cal Rd5e6]} Bf5 21. Be2 Rfc8 $2 (21... Rfd8 $16 {is a better defense.}) 22. O-O $18 Be4 23. d6 exd6 24. exd6 Rxc1 25. Rxc1 Rd8 26. Bxa7 $2 ({Only move:} 26. Rd1 $1 $18) 26... Rxd6 $14 27. Rd1 (27. Bb8 {is interesting.} Rd2 28. Bf1 f3 29. gxf3 Bxf3 30. Rc5) 27... Rxd1+ (27... Rg6 {keeps more tension.} 28. Rd8+ Kg7 29. Rd7+ Kf6 30. Bf1 Ke6) 28. Bxd1 $11 {[%mdl 4096] Endgame KBB-KBN} Bd5 29. a3 Nc4 30. Bc5 b6 31. Bd4 Nxa3 32. Bxb6 Nc4 33. Bc7 Ne3 {[%mdl 64] Double Attack} 34. Bf3 (34. Bh5 {feels hotter.} Nxg2 35. Be5 Kf8 36. Kf2 Ke7 37. Bg4) 34... Bxf3 35. gxf3 {KB-KN} Nd5 36. Bb8 Kf7 37. Kf2 Kf6 38. Kg2 Ne3+ 39. Kf2 Kf5 40. Ba7 Nc4 41. Ke2 Ne5 42. Bb8 Ng6 43. Kf2 Ke6 44. Ke2 Kd5 45. Kd3 Ne5+ $2 {[%mdl 8192] [#]} (45... h6 $11) 46. Bxe5 $1 Kxe5 {KPP-KPP} 47. Kc4 Kf5 {[#]} 48. Kd5 $2 (48. Kd4 $1 {mates} Kf6 49. Ke4 Kg5 50. Ke5 h6 51. Kd4 h5 52. Ke4 Kg6 53. Kxf4) 48... Kg5 $2 {[%mdl 8192]} (48... h6 $11 49. Kd4 Kg6 50. Ke4 Kf7 51. Kxf4 Kf6 52. Ke4 Kg6 53. Ke5 Kf7) 49. Ke5 {White mates.} h5 50. Ke4 Kh4 51. Kxf4 Kh3 52. Kg5 {Accuracy: White = 80%, Black = 77%.} 1-0

[Event "TUR-UKR Friendly Team Match"]
[Site "Online"]
[Date "2021.01.17"]
[Round "2.1"]
[White "Hrebenshchykova, Yelyzaveta"]
[Black "Aydin, Gulenay"]
[Result "0-1"]
[WhiteElo "2159"]
[BlackElo "1975"]
[Annotator "TA"]
[PlyCount "116"]
[EventDate "2021.01.17"]
[EventType "team-tourn"]
[EventCountry "NET"]
[SourceTitle "playchess.com"]
[Source "ChessBase"]
[SourceQuality "1"]
[WhiteTeam "Ukraine"]
[BlackTeam "Turkey"]
[WhiteTeamCountry "UKR"]
[BlackTeamCountry "TUR"]

{[%evp 21,116,30,25,-8,10,-3,-1,8,0,-51,-19,-99,-109,-112,-105,-102,-21,-185,-193,-228,-218,-308,-320,-310,-274,-365,-281,-405,-417,-419,-399,-399,-395,-484,-464,-439,-177,-491,-489,-850,506,-726,-701,-687,-342,-348,-346,-342,-339,-362,-327,-408,-362,-336,-319,-347,-312,-483,-477,-456,-449,-434,-194,-202,-211,-182,-186,-509,-509,-473,-441,-766,-743,-930,-721,-1620,-1430,-1987,-1671,-1822,-1662,-1731,-1714,-1408,-1402,-29976,-29977,-29977,-29978,-29977,-29973,-29982,-29982,-29985,-29986,-29986,-29987]} 1. e4 c5 2. Nf3 d6 3. d4 cxd4 4. Nxd4 Nf6 5. Nc3 Nc6 6. Bc4 Qb6 7. Nb3 e6 8. O-O Be7 9. Be3 Qc7 10. f4 O-O 11. Bd3 a6 12. a4 {B82: Sicilian Scheveningen: 6 f4.} b6 13. g4 Nb4 14. g5 {The position is equal.} Nd7 15. Rf3 ({White should play} 15. f5 $11) 15... Re8 {[#]} 16. f5 $146 (16. Rh3 $11 {keeps the balance.}) ({Predecessor:} 16. Rh3 Nf8 17. Qh5 d5 18. exd5 Nxd3 19. cxd3 exd5 20. Rf3 d4 21. Bxd4 Bb7 22. Rff1 Qc6 23. Qh3 Rad8 24. Ne4 Rxd4 25. Nxd4 Bc5 26. Nxc5 Qxc5 27. Rfe1 Qxd4+ {0-1 (26) Mezentsev,I (2220)-Yrjola,J (2346) Golden Sands 2015}) 16... exf5 $1 $17 17. exf5 Nxd3 18. cxd3 ({Wrong is} 18. Nd5 $2 Qc6 $19) 18... Bb7 ({Better is} 18... Ne5 $17 19. Rf1 Bb7) 19. Ne4 $2 (19. Rh3 $11 {and White stays safe.} g6 20. d4) 19... d5 $19 20. Nf2 {[#]} d4 $1 21. Nxd4 (21. Bf4 $142 Bxf3 22. Qxf3) 21... Bxf3 22. Qxf3 Bc5 23. Ne4 Qe5 24. Nc6 (24. Qf2 $142) 24... Bxe3+ 25. Qxe3 Qxf5 26. Rf1 Qd5 27. Nd4 Nc5 28. Nf5 Nxd3 (28... Nxe4 29. dxe4 Qxe4 30. Qf2 $19) (28... Qxd3 $142 29. Qxd3 Nxd3) 29. Nfg3 $2 (29. Nh6+ {was the crucial defense.} gxh6 30. Nf6+ Kf8 31. Nxd5 Rxe3 32. Nxe3) 29... Nc5 {[%cal Rc5e4]} 30. Re1 (30. Nc3 $142 Qb3 31. Qf3) 30... Rad8 $4 {[%mdl 8192] [#]} (30... Nxe4 $19 {and all is fine.} 31. Nxe4 Re6) 31. Qf3 $4 {[%mdl 8192]} (31. Nf6+ $1 $18 {[%mdl 512]} gxf6 32. Qxe8+ Rxe8 33. Rxe8+ Kg7 34. Nh5+ {[%mdl 64] Double Attack} Kg6 35. Nf4+ {[%mdl 64] Double Attack} Kxg5 36. Nxd5) 31... Nxe4 32. Nxe4 Rxe4 33. Qxe4 {White wants to mate with Qe8+!} Qxg5+ {[%mdl 4096] Endgame KQR-KQR} 34. Kh1 {Intending Qe8+! and mate.} h6 35. b4 Qd5 36. Kg2 Qxe4+ 37. Rxe4 {KR-KR} Rd3 38. Re8+ Kh7 39. Ra8 (39. Rb8 {was necessary.} Ra3 40. Rxb6 Rxa4 41. h4) 39... Rb3 40. Rxa6 Rxb4 41. Kf3 Kg6 (41... f5 $142 42. Ra7 Kg6) 42. a5 Kg5 ({But not} 42... Rb3+ 43. Kg2 $17) 43. Rxb6 Ra4 44. Ra6 $2 (44. a6) 44... f5 45. Ra7 Ra3+ 46. Kg2 (46. Ke2 $142 g6 47. a6) 46... g6 47. a6 Kf4 48. Ra8 g5 49. a7 g4 50. Kf2 Ra2+ 51. Ke1 h5 52. Kd1 h4 53. Kc1 g3 {Black mates.} 54. hxg3+ hxg3 55. Kb1 Ra6 56. Kc1 Kf3 57. Kd1 g2 58. Rg8 Rxa7 {Weighted Error Value: White=1.08/Black=0.46} 0-1

[Event "TUR-UKR Friendly Team Match"]
[Site "Online"]
[Date "2021.01.17"]
[Round "2.1"]
[White "Hulka, Valentyn"]
[Black "Uzumcu, Ahmet Utku"]
[Result "1/2-1/2"]
[WhiteElo "2089"]
[BlackElo "2249"]
[Annotator "TA"]
[PlyCount "51"]
[EventDate "2021.01.17"]
[EventType "team-tourn"]
[EventCountry "NET"]
[SourceTitle "playchess.com"]
[Source "ChessBase"]
[SourceQuality "1"]
[WhiteTeam "Ukraine"]
[BlackTeam "Turkey"]
[WhiteTeamCountry "UKR"]
[BlackTeamCountry "TUR"]

{[%evp 17,51,16,15,13,80,70,70,47,87,43,41,44,63,67,64,59,59,58,64,64,63,14,57,31,34,29,50,46,77,42,69,0,68,0,64,0]} 1. e4 Nc6 2. Nf3 d6 3. d4 Nf6 4. Nc3 g6 5. h3 Bg7 6. Bd3 e5 7. dxe5 Nxe5 8. Nxe5 dxe5 9. O-O O-O 10. Bc4 {B08: Pirc Defence: Classical System.} Be6 (10... c6 $11 {remains equal.}) 11. Bxe6 $16 fxe6 12. Bg5 {[#]} h6 $146 ({Predecessor:} 12... Qe7 13. Qe2 Qc5 14. Bxf6 Rxf6 15. Qb5 Qxb5 16. Nxb5 a6 17. Nc3 Rd8 18. Rad1 Rd4 {½-½ (31) Semmler,J-Schlueter,W (2250) Dresden 1999}) 13. Bxf6 (13. Be3 {keeps more tension.} Qe7 14. Qe2 a6 15. f3 Rad8 16. Rad1) 13... Qxf6 14. Qe2 c6 15. Rad1 Rad8 16. Na4 Qe7 17. b3 h5 18. Rxd8 Rxd8 19. Rd1 Bf8 20. Rxd8 Qxd8 21. Nb2 Qd4 22. Nd3 Bg7 23. Qe1 Bf8 24. Qe2 Bg7 25. Qe1 Bf8 26. Qe2 {Weighted Error Value: White=0.17/Black=0.20} ({Better is} 26. g3 $14) 1/2-1/2

[Event "TUR-UKR Friendly Team Match"]
[Site "Online"]
[Date "2021.01.17"]
[Round "2.1"]
[White "Dubovyk, Anastasiia"]
[Black "Sahin, Hayrun Nisa"]
[Result "1-0"]
[WhiteElo "2025"]
[BlackElo "1948"]
[Annotator "TA"]
[PlyCount "83"]
[EventDate "2021.01.17"]
[EventType "team-tourn"]
[EventCountry "NET"]
[SourceTitle "playchess.com"]
[Source "ChessBase"]
[SourceQuality "1"]
[WhiteTeam "Ukraine"]
[BlackTeam "Turkey"]
[WhiteTeamCountry "UKR"]
[BlackTeamCountry "TUR"]

{[%evp 11,83,24,18,-73,22,22,55,27,55,47,52,25,34,20,41,36,47,46,55,54,63,63,81,15,58,58,103,18,27,36,33,0,-6,-24,-15,-29,-31,-62,29,19,77,70,135,117,152,88,145,116,108,108,195,63,75,62,66,19,57,63,61,59,110,109,116,68,94,100,95,94,5291,5254,4986,4902,29982,29983]} 1. e4 c5 2. Nf3 d6 3. c3 Nf6 4. Bc4 g6 5. O-O Bg7 6. Re1 O-O 7. h3 {[#] B06: Modern Defence.} (7. d3 $11 {keeps the balance.}) 7... Nc6 (7... Nxe4 $1 $17 {[%mdl 512]} 8. Bb3 (8. Rxe4 d5) 8... Nf6) 8. d4 $11 Nd7 9. Be3 {White is slightly better.} Rb8 {[#]} 10. Nbd2 $146 {[%cal Bb1d2,Bd2f1,Bf1g3][%mdl 32]} ({Predecessor:} 10. a4 a6 11. Na3 b6 12. Qd2 Na5 13. Ba2 cxd4 14. cxd4 e6 15. Rac1 d5 16. exd5 exd5 17. Bf4 Rb7 18. Bxd5 Ra7 19. Bd6 Re8 20. b4 {1-0 (20) Karsayev,A-Bachmann,F ICCF corr 1985}) 10... b5 11. Bd3 a6 12. Rc1 c4 13. Bb1 e5 14. Nf1 h6 15. Qd2 Kh7 16. Ng3 Qc7 17. h4 (17. Nh2 $16) 17... Ne7 18. h5 Nf6 {[#]} 19. Nh2 (19. hxg6+ $1 $16 Nxg6 20. Rcd1) 19... Nxh5 20. Nxh5 gxh5 21. f4 f5 22. fxe5 dxe5 23. exf5 Bxf5 24. dxe5 Rbd8 ({Not} 24... Qxe5 $2 25. Ba7 $18) (24... Bxb1 $1 $15 25. Rxb1 Bxe5) 25. Bd4 Kh8 (25... Qc6 $11) 26. Nf3 $16 Qc6 {[#]} (26... Kg8 $14) 27. e6 $1 {[%mdl 512] Qxh6+ would kill now.} Kg8 (27... Bxe6 28. Qxh6+) 28. Qe2 (28. Bxf5 $142 Rxf5 29. Qf2) 28... Qd5 ({Black should play} 28... Bg4) 29. Bxg7 Kxg7 30. Bxf5 Rxf5 (30... Qc5+ $16 31. Kh1 (31. Nd4 Rxf5 32. Qe3 Rf6 $16) 31... Qxf5) 31. Qf2 (31. Rcd1 $18 Qc5+ 32. Kh1) 31... Qc5 $14 32. Qxc5 Rxc5 33. Rcd1 Rcd5 34. Rxd5 Rxd5 {[%mdl 4096] Endgame KRN-KRN} 35. Nd4 Kf8 ({Black should try} 35... Rd8 $14) 36. Rf1+ $16 Ke8 37. Rf7 b4 38. Rh7 {Black must now prevent Rh8+.} Kf8 39. Kf2 Nf5 $2 {[%mdl 8192]} (39... Re5 $16) 40. Rf7+ $18 {[%mdl 64] Double Attack} Ke8 41. Rxf5 Rxf5+ 42. Nxf5 {Accuracy: White = 61%, Black = 38%.} 1-0